00607pam a2200181 a 4500020002800000082002700028100001900055245004600074250001400120260005500134300003400189500002000223500007400243526003700317650002900354700002000383700002200403 a013123613X (alk. paper)00a519.5bMILcN-01,P-1451 aMiller, Irwin,10aJohn E. Freund's mathematical statistics. a6th ed. / aUpper Saddle River, N.J. :bPrentice Hall,cc1999. axii, 624 p. :bill. ;c24 cm. aIncludes index. aRev. ed. of: Mathematical statistics / John E. Freund. 5th ed. c1992. a0b0c0d519_500000000000000_MIL 0aMathematical statistics.1 aFreund, John E.1 aMiller, Marylees.